| 000 | 00429nam a22001697a 4500 | ||
|---|---|---|---|
| 999 |
_c189872 _d189872 |
||
| 005 | 20220714105654.0 | ||
| 010 | _aENG-133554 | ||
| 020 |
_a9789389113181 _c395.00 |
||
| 035 | _aEN-117086 | ||
| 037 | _bDBAD/PUB | ||
| 082 | _aS | ||
| 100 | _aSharma,Devinder | ||
| 245 |
_aProjus:India's war against corruption/ _cby Devinder Sharma |
||
| 260 |
_bBUUKS _c2019 |
||
| 300 |
_axviii;332P. _c20cm(pbk) |
||
| 942 |
_2ddc _cEN _hS _mSHA |
||